Villes de France de la publicité Allianz de A à Z - Carte Quiz - Statistiques

Statistiques générales
  • Ce quiz a été pris 325 fois
  • Le résultat moyen est 13 sur 26
Réponses sur la Carte
Les réponses sont colorées sur une échelle allant du rouge au vert en fonction du pourcentage des utilisateurs qui les ont devinées à leur premier essai. Vous pouvez retrouver ces pourcentages ci-dessous.
 
Statistiques - réponses
Réponse % Correct
Bastia
95%
Toulouse
90%
Rennes
87%
Le Havre
86%
Orléans
85%
Saint-Denis
80%
Val-d'Isère
80%
Metz
73%
Nancy
72%
Argenteuil
71%
Kientzheim
49%
Joinville-le-Pont
46%
Pauillac
46%
Céret
34%
Gujan-Mestras
34%
Douchy-les-Mines
32%
Uzerche
27%
Feurs
25%
Yffiniac
25%
Zoufftgen
23%
Ernée
22%
Quissac
22%
Xonrupt-Longemer
21%
Wormhout
20%
Lillers
19%
Izon
7%
Aucun quiz correspondant
Distribution des résultats
% des personnes avec chaque résultat
Percentile par nombre de réponses
Votre historique - résultats
Vous n’avez pas pris ce quiz